Statistics for English History #1

Click here to take the quiz!

General Stats

  • This quiz has been taken 165 times
  • The average score is 16 of 25

Answer Stats

QuestionAnswer% Correct
King James I of England was also King James __ of Scotland.vi
94%
Who suceeded Mary I?Elizabeth I
92%
Who is the current queen of the UK?Elizabeth II
92%
Which ancient stone circle still stands near Sailsbury?Stonehenge
89%
How many wives did Henry VII have?1
88%
What is the name of the German prince who became king of England?George I
83%
Which king oversaw WWI?George V
83%
Who suceeded Queen Victoria?Edward VII
81%
Which battle did William of Normandy win to become king of England?The Battle Of Hastings
80%
Which family battled the House of LancasterThe House Of York
80%
Which king was beheaded after losing the English Civil War?Charles I
78%
Who 'killed' the Princes In The Tower?Richard III
76%
Ewdard ____ abdicated the throne.VIII
76%
What is the name of the wall that was built on the border of England and Caledonia? (Scotland)Hadrian's Wall
71%
How many years did Queen Victoria rule for?64
67%
Which Celtic queen burned the roman city of Londinium down?Boudicca
65%
Which Saxon king defeated the Vikings?Alfred The Great
54%
In which city were Richard III's bones found?Leicester
48%
Which English King killed Thomas Beckett?Henry I
47%
Who lost the Crown Jewels?King John
35%
Which early king sat in the tide to prove he was not God?Cnut
34%
Where was King Wiliam III originaly from?Orange
32%
What was the Viking's land called?The Danelaw
20%
What is the nickname of the oldest complete skeleton found in England?Cheddar Man
8%
Which Roman Emperor conquered England?Emerpor Claudius
1%

Score Distribution

Percentile by Number Answered

Percent of People with Each Score

Your Score History

You have not taken this quiz